[Event "Yalta Yialos Rapid op"]
[Site "Yalta"]
[Date "2023.08.26"]
[Round "7"]
[White "Triapishko, Alexandr"]
[Black "Bogdanovich, Konstantin"]
[Result "1-0"]
[WhiteElo "2506"]
[BlackElo "1160"]
[PlyCount "67"]
[EventDate "2023.08.25"]
[EventType "swiss (rapid)"]
[EventRounds "11"]
[EventCountry "UKR"]
[SourceTitle "EXT 2024"]
[Source "ChessBase"]
[SourceDate "2023.10.10"]
[SourceVersion "1"]
[SourceVersionDate "2023.10.10"]
[SourceQuality "1"]

1. Nf3 Nf6 2. g3 g6 3. b3 Bg7 4. Bb2 d5 5. Bg2 0-0 6. 0-0 c5 7. c4 Nc6 8. cxd5 Nxd5 9. Bxg7 Kxg7 10. d4 cxd4 11. Nxd4 Nxd4 12. Qxd4+ Nf6 13. Qe5 Qd6 14. Qxd6 exd6 15. Rd1 Rd8 16. Nc3 a6 17. Rd4 Kf8 18. Na4 d5 19. e4 Ke7 20. e5 Ne4 21. Nb6 Rb8 22. Nxd5+ Rxd5 23. Rxd5 Ng5 24. Rc1 Ne6 25. Rd6 Bd7 26. Rb6 Bc8 27. f4 Kd7 28. Kf2 Nd8 29. Bh3+ Ne6 30. Bxe6+ fxe6 31. Rd6+ Ke7 32. Rc7+ Kf8 33. Rxh7 b5 34. Rd8# 1-0

[Event "Sevastopol Waltz Blitz"]
[Site "Sevastopol"]
[Date "2021.08.28"]
[Round "1"]
[White "Vastrukhin, Oleg"]
[Black "Bogdanovich, Konstantin"]
[Result "1-0"]
[WhiteElo "2396"]
[BlackElo "1118"]
[PlyCount "69"]
[EventDate "2021.08.28"]
[EventType "swiss (blitz)"]
[EventRounds "13"]
[EventCountry "UKR"]
[SourceTitle "CBM 204 Extra"]
[Source "ChessBase"]
[SourceDate "2021.11.30"]
[SourceVersion "1"]
[SourceVersionDate "2021.11.30"]
[SourceQuality "1"]

1. Nf3 Nf6 2. g3 g6 3. Bg2 Bg7 4. 0-0 0-0 5. c4 d6 6. Nc3 e5 7. d3 a5 8. a3 Na6 9. Rb1 Nh5 10. b4 axb4 11. axb4 f5 12. Bd2 f4 13. Ne4 h6 14. Bc3 g5 15. Ra1 Nf6 16. Nxf6+ Qxf6 17. b5 g4 18. Nd2 h5 19. bxa6 Rxa6 20. Rxa6 bxa6 21. Ne4 Qg6 22. Qb3 Be6 23. Qb7 f3 24. exf3 gxf3 25. Bh1 h4 26. Qxc7 hxg3 27. fxg3 Bh6 28. Rxf3 Rxf3 29. Bxf3 Bh3 30. Qxd6 Be3+ 31. Kh1 Qxd6 32. Nxd6 Kf8 33. Bg2 Bxg2+ 34. Kxg2 Ke7 35. Nf5+ 1-0

[Event "Sevastopol Waltz Rapid"]
[Site "Sevastopol"]
[Date "2021.08.26"]
[Round "1"]
[White "Iljiushenok, Ilia"]
[Black "Bogdanovich, Konstantin"]
[Result "1-0"]
[WhiteElo "2554"]
[BlackElo "1118"]
[PlyCount "49"]
[EventDate "2021.08.26"]
[EventType "swiss (rapid)"]
[EventRounds "9"]
[EventCountry "UKR"]
[SourceTitle "CBM 204 Extra"]
[Source "ChessBase"]
[SourceDate "2021.11.30"]
[SourceVersion "1"]
[SourceVersionDate "2021.11.30"]
[SourceQuality "1"]

1. c4 Nf6 2. Nc3 g6 3. e4 d6 4. d4 Bg7 5. Nge2 0-0 6. Ng3 e5 7. d5 a5 8. h4 h5 9. Bg5 Qe8 10. Be2 Na6 11. Qd2 Nc5 12. f3 Bd7 13. 0-0-0 a4 14. Kb1 Bc8 15. Nf1 b6 16. Rc1 Qd7 17. g4 c6 18. dxc6 Qxc6 19. Bxf6 Bxf6 20. gxh5 gxh5 21. Ne3 Qc7 22. Ned5 Qd8 23. Qh6 Bg7 24. Rhg1 Ne6 25. Nf6+ 1-0